|
|
|
|
| LEADER |
00000nam0a2200000 4500 |
| 001 |
328558 |
| 005 |
20231102004055.0 |
| 035 |
|
|
|a (RuTPU)RU\TPU\book\354258
|
| 090 |
|
|
|a 328558
|
| 100 |
|
|
|a 20170220d1974 km y0rusy50 ca
|
| 101 |
0 |
|
|a rus
|
| 102 |
|
|
|a RU
|
| 105 |
|
|
|a a z 001zy
|
| 200 |
1 |
|
|a Автоматизированное управление в больших системах
|f А. Н. Лавров
|
| 210 |
|
|
|a Ленинград
|c Энергия
|d 1974
|
| 215 |
|
|
|a 119 с.
|c черт.
|
| 225 |
1 |
|
|a Библиотека по автоматике
|v Вып. 524
|
| 320 |
|
|
|a Библиогр.: с. 116-117
|
| 606 |
1 |
|
|a Автоматизированные системы планирования и управления
|2 stltpush
|3 (RuTPU)RU\TPU\subj\615
|9 29488
|
| 610 |
1 |
|
|a автоматизированное управление
|
| 610 |
1 |
|
|a большие системы
|
| 610 |
1 |
|
|a исполнительные органы
|
| 610 |
1 |
|
|a характеристики
|
| 610 |
1 |
|
|a анализ
|
| 610 |
1 |
|
|a эффективность
|
| 610 |
1 |
|
|a синтез
|
| 610 |
1 |
|
|a критерий максимума
|
| 610 |
1 |
|
|a разнородные отказы
|
| 610 |
1 |
|
|a надежность
|
| 610 |
1 |
|
|a избыточность
|
| 675 |
|
|
|a 658.012.011.56
|v 4
|
| 700 |
|
1 |
|a Лавров
|b А. Н.
|g Александр Николаевич
|
| 801 |
|
1 |
|a RU
|b 63413507
|c 20170220
|
| 801 |
|
2 |
|a RU
|b 63413507
|c 20170227
|g RCR
|
| 942 |
|
|
|c BK
|